| 000 | 00338cam a2200121ua 4500 | ||
|---|---|---|---|
| 082 |
_a294.59218 _bHUM/TH |
||
| 100 |
_aHume, Robert Ernest . _91865 |
||
| 245 | _aThirteen Principal Upanishads: Translated from the Sanskrit / | ||
| 250 | _a2 / | ||
| 260 |
_aCalcutta : _bOxford University Press , _c1921. |
||
| 300 | _a587 ; . | ||
| 942 | _cBK | ||
| 999 |
_c3175 _d3175 |
||